000 00395nam a2200133Ia 4500
008 151001s9999||||xx |||||||||||||| ||und||
100 _aशिवाजी शेटे
245 _aरोज रात्री वारा वाजता
250 _a1
260 _b"मित्र समाज प्रकाशन, गोवा"
260 _c2013
300 _a232
365 _b18
999 _c999731
_d999728